000 00849nam a2200217Ia 4500
001 7312
003 GE_BSU
008 181216s||||||||xx |||||||||||||| ||und||
040 _cGE_BSU
080 _a94(479.223)+929.52(479.223)
100 _aმსახურაძე, ჯემალ,რამაზ სურმანიძე;
245 _aმსახურაძეები.
245 _bისტორიულ–გენეალოგიური ნარკვევები
245 _cრედ.: რამაზ მსახურაძე.
260 _aთბილისი.
260 _c2012.
300 _a140 გვ.; ილ.; 21 სმ.
653 _aისტორიულ–გენეალოგიური ნარკვევები
653 _aმსახურაძეები.
942 _cBK
999 _c40677
_d40677